Transforming your business into a brand : 10 rules of branding

Wedi'i Gadw mewn:
Manylion Llyfryddiaeth
Prif Awdur: Tai, Jacky
Fformat: Llyfr
Iaith:Undetermined
Cyhoeddwyd: Singapore Marshall Cavendish Business 2007
Pynciau:
Tagiau: Ychwanegu Tag
Dim Tagiau, Byddwch y cyntaf i dagio'r cofnod hwn!
Thư viện lưu trữ: Trung tâm Học liệu Trường Đại học Cần Thơ
LEADER 00636nam a2200217Ia 4500
001 CTU_128770
008 210402s9999 xx 000 0 und d
020 |c 160000 
082 |a 658.827 
082 |b T129 
100 |a Tai, Jacky 
245 0 |a Transforming your business into a brand : 
245 0 |b 10 rules of branding 
245 0 |c Jacky Tai and Wilson Chew 
260 |a Singapore 
260 |b Marshall Cavendish Business 
260 |c 2007 
650 |a Brand name products,Nhãn hiệu sảnphẩm 
650 |x Marketing,Tiếp thị 
904 |i Minh 
980 |a Trung tâm Học liệu Trường Đại học Cần Thơ